000 00894nam a2200217 u 4500
001 000344889
003 AM-YeHGA
005 20250618072142.0
008 040618s1975 ai r 000 0 arm d
040 _aAM-YeHGA
041 0 _aarm
100 1 _aՎարդանյան, Հովհաննես Հովսեփի
245 1 0 _aՏառերի զրույցը :
_b[Մանկական բանաստեղծություններ] /
_cՀ. Հ. Վարդանյան; Խմբ.՝ Ս.Խ. Օհանյան; Նկ.՝ Ռ.Ս. Բաբայան.
260 _aԵրևան :
_bԼույս,
_c1975.
300 _a40 էջ :
_bգունանկ. ;
_c16 սմ.
650 1 4 _aՀայ մանկական գրականություն
_xԲանաստեղծություն
700 1 _aՕհանյան, Ս.Խ.
_eխմբ.
_4edt
700 1 _aԲաբայան, Ռաֆայել Սուրենի,
_d1927-1994
_eնկ.
_4art
_92853
942 _2udc
_cBK
090 _c132627
999 _c131261
_d131261